Quiz sur le Titanic - Statistiques

Statistiques générales
  • Ce quiz a été pris 507 fois
  • Le résultat moyen est 10 sur 15
Statistiques - réponses
Question Réponse % Correct
Pourquoi le Titanic a coulé ? Il a heurté un iceberg
94%
Quelle était la destination du navire ? New York
93%
Laquelle de ces compagnies détenait et exploité le Titanic ? White Star Line
88%
En quelle année le navire prit la mer pour la première fois ? 1912
85%
Combien de cheminés possédait le navire ? 4
83%
Quel jour le navire a-t-il coulé ? 14 avril
82%
Comment se nommait le capitaine du paquebot Edward J. Smith
80%
Que veut dire l'abréviation "R.M.S." ? Royal Mail Ship
62%
De quel premier port est-il parti avant de faire sa traversée ? Southampton
60%
Combien de personnes ont survécu au naufrage ? 711
58%
Lequel de ces paquebots était un sister ship du Titanic ? Le Britannic
55%
A combien de mètres, de profondeur, le Titanic repose-t-il ? 3 821 mètres
49%
Combien de compartiments étanche se trouvaient dans le navire ? 16
45%
Combien de canots de sauvetage le Titanic avait-il à son bord ? 20
45%
Qui était le propriétaire du Titanic ? John Pierpont Morgan
32%
Aucun quiz correspondant
Distribution des résultats
% des personnes avec chaque résultat
Percentile par nombre de réponses
Votre historique - résultats
Vous n’avez pas pris ce quiz